000 00601nam a2200229Ia 4500
003 OSt
005 20221006151849.0
006 a|||||r|||| 00| 0
007 ta
008 221006b |||||||| |||| 00| 0 eng d
020 _c995.30
024 _a23,739
037 _cTextual
040 _aEASL
_cEASL
_beng
041 _2eng
_aeng
100 _aNEGANDHI A R Ed.
_9660171
245 0 _aResearch in intternational business and international relations
260 _aLondon
_bJai Press
_c1986
300 _a268p.
_ccm.
942 _cTEXL
_2CC
999 _c1091825
_d1091825